[Event "TCh-CHN 2016"]
[Site "China CHN"]
[Date "2016.06.24"]
[Round "6.1"]
[Board "3"]
[White "Xu, Yinglun"]
[Black "Wen, Yang"]
[Result "0-1"]
[BlackTitle "GM"]
[WhiteElo "2523"]
[BlackElo "2614"]
[WhiteTeam "Guangdong"]
[BlackTeam "Shandong"]
[WhiteFideId "8604940"]
[BlackFideId "8602956"]
[EventDate "2016.04.12"]

1. d4 d5 2. c4 e6 3. Nc3 Bb4 4. Nf3 dxc4 5. Bd2 c6 6. a4 a5 7. e3 b5 8. axb5
Bxc3 9. Bxc3 cxb5 10. b3 Bb7 11. bxc4 b4 12. Bd2 Nf6 13. Bd3 O-O 14. O-O Nbd7
15. Qc2 Qc7 16. Ng5 h6 17. Nh7 Rfc8 18. Nxf6+ Nxf6 19. f3 e5 20. Qb2 Rd8 21. Be1
exd4 22. exd4 Nh5 23. g3 Nf6 24. Bd2 Qd6 25. Be3 a4 26. d5 b3 27. Ra3 Bxd5 28.
cxd5 Nxd5 29. Bf2 Ne3 30. Bh7+ Kxh7 31. Bxe3 Rdc8 32. Rf2 Qd3 33. Qd2 Qxd2 0-1

[Event "TCh-CHN 2016"]
[Site "China CHN"]
[Date "2016.06.24"]
[Round "6.1"]
[Board "4"]
[White "Zhai, Mo"]
[Black "Liu, Manli"]
[Result "1/2-1/2"]
[WhiteTitle "WGM"]
[WhiteElo "2371"]
[BlackElo "2015"]
[WhiteTeam "Shandong"]
[BlackTeam "Guangdong"]
[WhiteFideId "8600201"]
[BlackFideId "8608121"]
[EventDate "2016.04.12"]

1. d4 d5 2. c4 e6 3. Nc3 Nf6 4. cxd5 Nxd5 5. Nf3 c5 6. e4 Nxc3 7. bxc3 cxd4 8.
cxd4 Bb4+ 9. Bd2 Bxd2+ 10. Qxd2 O-O 11. Rc1 b6 12. Bd3 Bb7 13. O-O Nd7 14. Qf4
Rc8 15. h4 h6 16. Rxc8 Qxc8 17. Rc1 Qd8 18. Qc7 Qc8 19. Rc2 Nf6 20. Qe7 Qa8 21.
d5 Re8 22. Qa3 exd5 23. e5 Ne4 24. Bb5 Rc8 25. Rxc8+ Bxc8 26. Qe7 Be6 27. Nd4
Qf8 28. Qxa7 Qc5 29. Qa4 Qc1+ 30. Bf1 Qf4 31. Nf3 g5 32. hxg5 hxg5 33. Qd4 g4
34. Ne1 Qc1 35. Nd3 Qd1 36. Qxb6 Nd2 37. Qd8+ Kh7 38. Qh4+ Kg7 39. Nf4 Nxf1 40.
Qf6+ Kh7 41. Qh4+ Kg8 42. Qg5+ Kh7 43. Qh4+ Kg8 44. Qd8+ Kh7 45. Qh4+ 1/2-1/2

[Event "TCh-CHN 2016"]
[Site "China CHN"]
[Date "2016.06.24"]
[Round "6.1"]
[Board "5"]
[White "Chu, Ruotong"]
[Black "Li, Xueyi"]
[Result "0-1"]
[WhiteElo "2078"]
[BlackElo "2112"]
[WhiteTeam "Shandong"]
[BlackTeam "Guangdong"]
[WhiteFideId "8605653"]
[BlackFideId "8605912"]
[EventDate "2016.04.12"]

1. d4 d5 2. c4 e6 3. Nf3 c6 4. Qc2 Nf6 5. g3 Bb4+ 6. Nbd2 Nbd7 7. Bg2 O-O 8. O-O
b5 9. c5 Bxd2 10. Bxd2 Ne4 11. Bf4 f6 12. Nd2 Nxd2 13. Bxd2 f5 14. Rfe1 e5 15.
dxe5 Nxe5 16. Bf4 Ng6 17. Bd6 Rf7 18. a4 Ba6 19. e3 bxa4 20. Qxa4 Bb5 21. Qd4 a6
22. Bf1 Raa7 23. Ra3 Nf8 24. Rea1 Qa8 25. Bxb5 axb5 26. Qe5 Rxa3 27. Rxa3 Qc8
28. b4 h6 29. Qa1 Qe6 30. Ra8 Qe4 31. Qd4 Qe6 32. Qe5 Kh7 33. Qd4 Nd7 34. Ra6
Qe8 35. Kg2 Nf6 36. Bf4 Qc8 37. Qa1 Qe6 38. Qe5 Qc8 39. Qa1 Qe6 40. Qd4 Qc8 41.
Ra2 Re7 42. Bd6 Re4 43. Qb2 Qe6 44. Ra7 d4 45. exd4 Re2 46. Qc3 Rxf2+ 47. Kg1
Qe2 0-1

[Event "TCh-CHN 2016"]
[Site "China CHN"]
[Date "2016.06.24"]
[Round "6.2"]
[Board "1"]
[White "Inarkiev, Ernesto"]
[Black "Xu, Xiangyu"]
[Result "1/2-1/2"]
[WhiteTitle "GM"]
[WhiteElo "2729"]
[BlackElo "2447"]
[WhiteTeam "Qingdao"]
[BlackTeam "Chengdu"]
[WhiteFideId "4162722"]
[BlackFideId "8608288"]
[EventDate "2016.04.12"]

1. c4 g6 2. e4 e5 3. d4 Nf6 4. Nf3 Bg7 5. dxe5 Nxe4 6. Qd5 f5 7. Nc3 c6 8. Qd4
Qb6 9. Nxe4 Qxd4 10. Nd6+ Qxd6 11. exd6 c5 12. g3 O-O 13. Bg2 Re8+ 14. Kd1 Nc6
15. Re1 Rxe1+ 16. Nxe1 b6 17. Bd5+ Kh8 18. Bg5 Bb7 19. Bxc6 Bxc6 20. Nd3 b5 21.
cxb5 Bxb5 22. Nxc5 Rc8 23. Rc1 Bxb2 24. Rb1 Rxc5 25. Rxb2 Kg7 26. h4 Kf7 27. Kd2
a6 28. Bf4 Rc4 29. Rb3 Rd4+ 30. Kc1 Re4 31. Re3 Rxe3 32. Bxe3 1/2-1/2

[Event "TCh-CHN 2016"]
[Site "China CHN"]
[Date "2016.06.24"]
[Round "6.2"]
[Board "3"]
[White "Wang, Tongsen"]
[Black "Liu, Guanchu"]
[Result "1/2-1/2"]
[BlackTitle "IM"]
[WhiteElo "2296"]
[BlackElo "2366"]
[WhiteTeam "Qingdao"]
[BlackTeam "Chengdu"]
[WhiteFideId "8608067"]
[BlackFideId "8603901"]
[EventDate "2016.04.12"]

1. e4 e6 2. d4 d5 3. Nd2 Nf6 4. e5 Nfd7 5. f4 c5 6. c3 Nc6 7. Ndf3 a5 8. g3 a4
9. Ne2 Nb6 10. Bh3 cxd4 11. cxd4 Nc4 12. O-O Be7 13. Rb1 Bd7 14. b3 axb3 15.
axb3 N4a5 16. Nc3 Nb4 17. Qe2 Qb6 18. Be3 O-O 19. Rfc1 Rfc8 20. Bf1 h6 21. Qd2
Rc7 22. Kg2 Rac8 23. Qb2 Rc6 24. Bd2 Qd8 25. Ne1 Ra8 26. Ra1 Rcc8 27. Na2 Qb6
28. Nxb4 Bxb4 29. Nf3 Bb5 30. Bxb5 Qxb5 31. Kf2 b6 32. Ke3 g6 33. Bxb4 Qxb4 34.
Nd2 Kg7 35. Ra4 Qb5 36. Raa1 h5 37. Rc3 Nc6 38. Rac1 Ne7 39. Rxc8 Rxc8 40. Rxc8
Nxc8 41. Qa3 Qc6 42. Kd3 Qc7 43. h3 Ne7 44. g4 hxg4 45. hxg4 g5 46. Qd6 1/2-1/2

[Event "TCh-CHN 2016"]
[Site "China CHN"]
[Date "2016.06.24"]
[Round "6.2"]
[Board "4"]
[White "Ren, Xiaoyi"]
[Black "Javakhishvili, Lela"]
[Result "0-1"]
[BlackTitle "IM"]
[WhiteElo "2157"]
[BlackElo "2497"]
[WhiteTeam "Chengdu"]
[BlackTeam "Qingdao"]
[WhiteFideId "8608709"]
[BlackFideId "13601458"]
[EventDate "2016.04.12"]

1. d4 Nf6 2. c4 c5 3. e3 g6 4. Nf3 Bg7 5. Be2 O-O 6. O-O cxd4 7. exd4 d5 8. Ne5
Nc6 9. Nc3 Be6 10. Nxc6 bxc6 11. c5 Rb8 12. a3 Ne4 13. Na4 Qc7 14. f3 Nf6 15.
Be3 Bf5 16. Qd2 Ne8 17. Bf4 e5 18. Bg3 f6 19. b4 Qd7 20. Qb2 Nc7 21. dxe5 Rbe8
22. f4 Qe6 23. Rfe1 fxe5 24. fxe5 Bxe5 25. Bxe5 Qxe5 26. Qxe5 Rxe5 27. Bf1 Rfe8
28. Rxe5 Rxe5 29. Kf2 Kg7 30. Nb2 Re8 31. Bd3 Kf6 32. Bxf5 Kxf5 33. Kf3 Nb5 34.
Nd1 Nd4+ 35. Kf2 Ke4 36. Rc1 Kd3 37. Nb2+ Kd2 38. Rd1+ Kc2 39. Rxd4 Kxb2 40. b5
Kc3 41. Rb4 d4 42. bxc6 d3 43. c7 Rc8 44. Ke1 d2+ 0-1

[Event "TCh-CHN 2016"]
[Site "China CHN"]
[Date "2016.06.24"]
[Round "6.2"]
[Board "5"]
[White "Li, Yunshan"]
[Black "Yao, Lan"]
[Result "1/2-1/2"]
[WhiteTitle "WFM"]
[WhiteElo "2024"]
[BlackElo "2132"]
[WhiteTeam "Chengdu"]
[BlackTeam "Qingdao"]
[WhiteFideId "8607664"]
[BlackFideId "8610835"]
[EventDate "2016.04.12"]

1. d4 Nf6 2. c4 e6 3. g3 Bb4+ 4. Nd2 c5 5. dxc5 Nc6 6. Bg2 Bxc5 7. Ngf3 Be7 8.
O-O O-O 9. a3 d6 10. b3 Qc7 11. Bb2 a6 12. Rc1 Rb8 13. b4 b6 14. e4 Rd8 15. Qe2
Nd7 16. Rfd1 Bb7 17. Nb3 Rbc8 18. Rd2 Nce5 19. Rdc2 Nxf3+ 20. Bxf3 Re8 21. h4
Qb8 22. Bd4 Bc6 23. Rc3 Ba4 24. Nd2 Bc6 25. Bg2 Qa8 26. Re3 Bb7 27. Nb3 Rc7 28.
f3 Rec8 29. Rec3 a5 30. Qf2 axb4 31. axb4 d5 32. cxd5 Rxc3 33. Rxc3 exd5 34.
exd5 Bxd5 35. f4 Bxg2 36. Qxg2 Qb8 37. Qc2 Rxc3 38. Qxc3 Bf6 39. Qc6 Bxd4+ 40.
Nxd4 Nf6 41. Nb5 h5 42. Nd6 Qd8 43. Qc8 Qxc8 44. Nxc8 Nd5 45. Kf2 Nxb4 46. Nxb6
Nc6 1/2-1/2

[Event "TCh-CHN 2016"]
[Site "China CHN"]
[Date "2016.06.24"]
[Round "6.3"]
[Board "3"]
[White "Yu, Ruiyuan"]
[Black "Lu, Shanglei"]
[Result "1/2-1/2"]
[WhiteTitle "GM"]
[BlackTitle "GM"]
[WhiteElo "2516"]
[BlackElo "2619"]
[WhiteTeam "Jiangsu"]
[BlackTeam "Zhejiang"]
[WhiteFideId "8603090"]
[BlackFideId "8603332"]
[EventDate "2016.04.12"]

1. e4 c5 2. Nf3 d6 3. Bb5+ Bd7 4. Bxd7+ Qxd7 5. c4 Nf6 6. Nc3 g6 7. d4 cxd4 8.
Nxd4 Bg7 9. f3 O-O 10. Be3 Nc6 11. O-O Rac8 12. b3 e6 13. Rc1 d5 14. cxd5 exd5
15. Nxc6 bxc6 16. exd5 Nxd5 17. Nxd5 cxd5 18. Qd3 h5 19. Bd4 Bxd4+ 20. Qxd4 Rxc1
21. Rxc1 Rc8 22. Rxc8+ Qxc8 23. Qxa7 Qc1+ 24. Kf2 Qd2+ 25. Kf1 Qd1+ 26. Kf2 Qd2+
27. Kf1 Qd1+ 1/2-1/2

[Event "TCh-CHN 2016"]
[Site "China CHN"]
[Date "2016.06.24"]
[Round "6.3"]
[Board "4"]
[White "Qiu, Mengjie"]
[Black "Guo, Qi"]
[Result "0-1"]
[WhiteTitle "WFM"]
[BlackTitle "IM"]
[WhiteElo "2207"]
[BlackElo "2436"]
[WhiteTeam "Zhejiang"]
[BlackTeam "Jiangsu"]
[WhiteFideId "8606137"]
[BlackFideId "8604002"]
[EventDate "2016.04.12"]

1. e4 c6 2. Nc3 d5 3. Nf3 Bg4 4. h3 Bxf3 5. Qxf3 Nf6 6. d3 e6 7. Bd2 d4 8. Ne2
c5 9. g4 Nc6 10. Bg2 Bd6 11. Bf4 Qa5+ 12. Kd1 Bxf4 13. Qxf4 c4 14. dxc4 Ne5 15.
Qd2 Qc5 16. b3 d3 17. Nc3 Rd8 18. Ke1 dxc2 19. Qxc2 h5 20. Rd1 Rxd1+ 21. Nxd1
hxg4 22. hxg4 Rxh1+ 23. Bxh1 Nfxg4 24. Qc3 g5 25. Bg2 b6 26. Bf1 Nf6 27. Bg2 Nh5
28. Qe3 Qb4+ 29. Qc3 Qd6 30. Ne3 Nf4 31. Kf1 f6 32. f3 Kf7 33. b4 Qd3+ 34. Qxd3
Nfxd3 35. a3 Nb2 36. c5 bxc5 37. bxc5 Nbd3 38. Nc2 Nxc5 39. Kf2 Ke7 40. Ke3 Ng6
41. Nd4 a6 42. Bf1 Kd6 43. Nc2 Ne7 44. Be2 f5 45. exf5 exf5 46. Kd4 Nc6+ 47. Kc4
Ne6 48. Kc3 Nc7 49. Kd3 Nd5 50. Kd2 a5 51. Bb5 Ne5 52. Be2 Kc5 53. Ke1 Nc6 54.
Bd3 f4 55. Kf2 Nd4 56. Ne1 Ne3 57. Kg1 Nb3 58. Ba6 Kd4 59. Kf2 Nc5 60. Ng2 Nxa6 0-1

[Event "TCh-CHN 2016"]
[Site "China CHN"]
[Date "2016.06.24"]
[Round "6.4"]
[Board "1"]
[White "Malakhov, Vladimir"]
[Black "Yu, Yangyi"]
[Result "1/2-1/2"]
[WhiteTitle "GM"]
[BlackTitle "GM"]
[WhiteElo "2695"]
[BlackElo "2738"]
[WhiteTeam "Tianjing"]
[BlackTeam "Beijing"]
[WhiteFideId "4120787"]
[BlackFideId "8603820"]
[EventDate "2016.04.12"]

1. Nf3 Nf6 2. c4 c5 3. Nc3 e6 4. e4 Nc6 5. Be2 Qb6 6. O-O Be7 7. d3 d6 8. a3 a5
9. h3 O-O 10. Rb1 Nd7 11. Be3 Nde5 12. Nxe5 dxe5 13. Na4 Qa7 14. Qb3 Bd7 15. Qb6
Nd4 16. Bxd4 cxd4 17. Qxa7 Rxa7 18. Nb6 Bc6 19. b4 axb4 20. axb4 Bd8 21. b5 Be8
22. Nc8 Ra2 23. Bf3 Bd7 24. Nd6 Be7 25. Nxb7 Bc8 26. c5 Bxb7 27. c6 Ba8 28. Ra1
Rb2 29. Rfb1 Rxb1+ 30. Rxb1 Rc8 31. Rc1 Bd8 32. Ra1 Kf8 33. Bd1 Rb8 34. Kf1 Bb6
35. Bb3 Ke7 36. Bc4 Kd6 37. g3 Bxc6 38. bxc6 Kxc6 39. Kg2 Bc7 40. Ra6+ Kd7 41.
Ra7 Rb2 42. Ra2 Rb7 43. Ra8 Ke7 44. h4 h5 45. Kf3 Bd6 46. Ra6 Bb4 47. Ke2 g6 48.
Kf3 Bc3 49. Ke2 Rb2+ 50. Kf3 Kf6 51. Ra2 Rb7 52. Ra6 g5 53. hxg5+ Kxg5 54. Ra8
Rb2 55. Ra2 Rb8 56. Ra7 Kf6 57. Ra6 Rh8 58. Ra7 Bd2 59. Ra1 Bg5 60. Kg2 Rb8 61.
Kf3 h4 62. gxh4 Bxh4 63. Rh1 Bg5 64. Ra1 Rb2 65. Ra2 Rb1 66. Ra8 Bf4 67. Ke2 Rh1
68. Kf3 Rh4 69. Ra1 Bg5 70. Kg3 Kg6 71. Ra8 Rf4 72. Rh8 Bf6 73. Rh1 Be7 74. Bb3
Kg5 75. Bd1 Kg6 76. Bb3 Bb4 77. Ba4 Kg7 78. Bd1 Kf8 79. Kg2 Ke7 80. Rh3 Be1 81.
Rf3 Rh4 82. Rh3 Rf4 83. Rf3 Rh4 84. Rh3 Bxf2 85. Rxh4 Bxh4 86. Kf3 Kd6 87. Ba4
Bg5 1/2-1/2

[Event "TCh-CHN 2016"]
[Site "China CHN"]
[Date "2016.06.24"]
[Round "6.4"]
[Board "2"]
[White "Wang, Yue"]
[Black "Zhang, Zhong"]
[Result "1-0"]
[WhiteTitle "GM"]
[BlackTitle "GM"]
[WhiteElo "2718"]
[BlackElo "2634"]
[WhiteTeam "Tianjing"]
[BlackTeam "Beijing"]
[WhiteFideId "8601429"]
[BlackFideId "8600694"]
[EventDate "2016.04.12"]

1. d4 e6 2. c4 Nf6 3. Nf3 d5 4. g3 Bb4+ 5. Bd2 Be7 6. Bg2 O-O 7. O-O c6 8. Qc2
Nbd7 9. a4 a5 10. Rc1 Ne4 11. Be1 f5 12. Nbd2 Bd6 13. e3 Qe8 14. b3 Rf6 15. Qb2
Rh6 16. Ne5 Qh5 17. Nf1 Bxe5 18. dxe5 Ng5 19. f4 Nf3+ 20. Bxf3 Qxf3 21. c5 g5
22. Qf2 Qg4 23. Nd2 Rg6 24. Qf3 Qh3 25. Qg2 Qxg2+ 26. Kxg2 g4 27. b4 axb4 28.
Nb3 Nb8 29. Bxb4 Na6 30. Ba5 Kf7 31. Nd4 Ke7 32. Rab1 Kd7 33. Bb6 Nc7 34. a5 Rh6
35. h3 gxh3+ 36. Kh2 Na6 37. Rg1 Rg6 38. Kxh3 Ke7 39. g4 fxg4+ 40. Rxg4 Bd7 41.
Rxg6 hxg6 42. Kg3 Rh8 43. Nf3 Bc8 44. Nh2 Kf7 45. Ng4 Ke7 46. Nf2 Kf7 47. Kg2
Ke7 48. Nd3 Kf7 49. Kg3 Ke7 50. Kg4 Rh2 51. Nb4 Nxb4 52. Rxb4 Rg2+ 53. Kf3 Rh2
54. Rb1 Rh3+ 55. Kg4 Rh5 56. Bc7 Kd7 57. Bd6 Kd8 58. Bf8 Ke8 59. Bg7 Kf7 60. Bf6
Ke8 61. Kf3 Rh3+ 62. Ke2 Kf7 63. Kf2 Ke8 64. Ke2 Kf7 65. Bd8 Ke8 66. Bg5 Kd7 67.
Kf2 Ke8 68. Kg2 Rh7 69. Bf6 Rh5 70. Kg3 Kd7 71. Kf3 Rh3+ 72. Ke2 Ke8 73. Kd3 Rh2
74. Kc3 Rh3 75. Kd4 Rh2 76. f5 exf5 77. e6 Ra2 78. Ke5 Ra4 79. Kd6 Re4 80. Be5
Rxe5 81. Kxe5 Ke7 82. Rg1 1-0

[Event "TCh-CHN 2016"]
[Site "China CHN"]
[Date "2016.06.24"]
[Round "6.4"]
[Board "3"]
[White "Dai, Changren"]
[Black "Wang, Yiye"]
[Result "1/2-1/2"]
[BlackTitle "IM"]
[WhiteElo "2361"]
[BlackElo "2442"]
[WhiteTeam "Tianjing"]
[BlackTeam "Beijing"]
[WhiteFideId "8608156"]
[BlackFideId "8606021"]
[EventDate "2016.04.12"]

1. e4 e6 2. d4 d5 3. exd5 exd5 4. Nf3 Nf6 5. Bd3 Bd6 6. Qe2+ Qe7 7. Qxe7+ Kxe7
8. O-O Re8 9. Nc3 c6 10. Re1+ Kf8 11. Bg5 Rxe1+ 12. Rxe1 Nbd7 13. Ne5 h6 14. Bf4
Be7 15. h3 Nxe5 16. Bxe5 Ne8 17. Ne2 Bd6 18. g4 Bd7 19. Ng3 Rd8 20. Kg2 Bc8 21.
c3 Be7 22. Nh5 Bh4 23. Ng3 Be7 24. Re2 Bh4 25. Nh5 Bd7 26. Bc2 Bc8 27. Bb1 Bd7
28. Bd3 Bc8 29. Ng3 Be7 30. Nh5 Bh4 1/2-1/2

[Event "TCh-CHN 2016"]
[Site "China CHN"]
[Date "2016.06.24"]
[Round "6.4"]
[Board "4"]
[White "Zhao, Xue"]
[Black "Ni, Shiqun"]
[Result "1/2-1/2"]
[WhiteTitle "GM"]
[BlackTitle "WGM"]
[WhiteElo "2504"]
[BlackElo "2363"]
[WhiteTeam "Beijing"]
[BlackTeam "Tianjing"]
[WhiteFideId "8601283"]
[BlackFideId "8608466"]
[EventDate "2016.04.12"]

1. d4 Nf6 2. c4 g6 3. f3 e6 4. Nc3 d5 5. Bg5 Be7 6. Qd2 c5 7. dxc5 dxc4 8. Qxd8+
Bxd8 9. e4 Nbd7 10. O-O-O Be7 11. Nb5 O-O 12. Bxc4 Nxc5 13. e5 Nd5 14. Bxe7 Nxe7
15. Nh3 a6 16. Nd6 b5 17. Be2 Ra7 18. Kb1 Bb7 19. Nxb7 Rxb7 20. Rd6 Nf5 21. Rc6
Nd7 22. Rxa6 Nd4 23. Re1 Nxe5 24. Bf1 Nec6 25. Nf2 Rd8 26. Rc1 Nb4 27. Ra3 Kg7
28. Ne4 e5 29. Rac3 Nd5 30. Rc5 b4 31. Re1 f6 32. Nd2 Ne6 33. Rc2 Nd4 34. Rc5
Ne6 35. Rc2 Nd4 36. Rc5 1/2-1/2

[Event "TCh-CHN 2016"]
[Site "China CHN"]
[Date "2016.06.24"]
[Round "6.4"]
[Board "5"]
[White "Wang, Jue"]
[Black "Khotenashvili, Bela"]
[Result "0-1"]
[WhiteTitle "WGM"]
[BlackTitle "GM"]
[WhiteElo "2380"]
[BlackElo "2493"]
[WhiteTeam "Beijing"]
[BlackTeam "Tianjing"]
[WhiteFideId "8604070"]
[BlackFideId "13602640"]
[EventDate "2016.04.12"]

1. e4 c6 2. d4 d5 3. e5 Bf5 4. h4 Qb6 5. h5 h6 6. Bd3 Bxd3 7. Qxd3 e6 8. Ne2 c5
9. c3 Nc6 10. O-O Nge7 11. Rd1 Nf5 12. Na3 cxd4 13. cxd4 Nb4 14. Qh3 Be7 15. Bf4
Nc6 16. Nc2 Qxb2 17. Qd3 Qb6 18. g4 Nh4 19. Bg3 Qa6 20. Qe3 Rg8 21. f3 g6 22.
Nf4 O-O-O 23. hxg6 Nxg6 24. Nh5 Kb8 25. Nf6 Bxf6 26. exf6+ Ka8 27. a3 Rc8 28.
Nb4 Qa4 29. Rdc1 Na5 30. Rab1 Rxc1+ 31. Rxc1 Nc4 32. Qc3 Qxa3 33. Qxa3 Nxa3 34.
Rc7 Rf8 35. Rc5 a6 36. f4 Rg8 37. Kf2 Nb5 38. f5 Nh8 39. Be5 Ka7 40. Kf3 Kb6 41.
Nd3 a5 42. Nb2 Ka6 43. Na4 Na3 44. fxe6 fxe6 45. Rc7 b6 46. Re7 Kb5 47. Nc3+ Kc4
48. Ne2 Kb3 49. f7 Nxf7 50. Rxf7 Nc4 51. Bf4 Rg6 52. Rh7 a4 53. Rxh6 Rxh6 54.
Bxh6 a3 55. g5 Kc2 56. g6 a2 57. g7 a1=Q 58. g8=Q Qf1+ 59. Kg3 Qxe2 60. Qg7 Qe4
61. Bf4 b5 62. Qa7 Qd3+ 63. Kh4 b4 64. Qa1 Qd1 65. Qa2+ Kc3 66. Qf2 b3 67. Qg3+
Kb2 68. Qg7 Qh1+ 69. Kg4 Ne3+ 0-1

[Event "TCh-CHN 2016"]
[Site "China CHN"]
[Date "2016.06.24"]
[Round "6.5"]
[Board "1"]
[White "Gao, Rui"]
[Black "Zhou, Jianchao"]
[Result "1/2-1/2"]
[WhiteTitle "GM"]
[BlackTitle "GM"]
[WhiteElo "2552"]
[BlackElo "2612"]
[WhiteTeam "Hangzhou"]
[BlackTeam "Shanghai"]
[WhiteFideId "8602387"]
[BlackFideId "8603537"]
[EventDate "2016.04.12"]

1. e4 d5 2. exd5 Qxd5 3. Nc3 Qd6 4. d4 Nf6 5. Nf3 Bg4 6. h3 Bh5 7. Be2 Nbd7 8.
Nb5 Qb6 9. a4 c6 10. Na3 Qc7 11. O-O e6 12. Bg5 h6 13. Bh4 Bxf3 14. Bxf3 Bd6 15.
Bxf6 Nxf6 16. Nc4 a5 17. Nxd6+ Qxd6 18. Re1 O-O 19. c3 Rfe8 20. Qb3 Qc7 21. Qc4
Rad8 22. Re2 e5 23. dxe5 Rxe5 24. Qf4 Re7 25. Qxc7 Rxc7 26. Re5 Ra8 27. Rd1 Kf8
28. g3 Re7 29. Rf5 Rd7 30. Kg2 Rxd1 31. Bxd1 Ne4 32. Bc2 Nd6 33. Rc5 Ke7 34. b4
axb4 35. cxb4 Kd7 36. Kf3 Re8 37. Rc3 Re1 38. Rd3 f6 39. Rd1 Re5 40. Bb3 Kc7 41.
Rd3 Nf5 42. h4 b6 43. Kg4 Ne7 44. Kf3 Nf5 45. Kg4 Ne7 46. Kf3 Nf5 47. Kg4 Ne7
48. Kf3 1/2-1/2

[Event "TCh-CHN 2016"]
[Site "China CHN"]
[Date "2016.06.24"]
[Round "6.5"]
[Board "2"]
[White "Ma, Qun"]
[Black "Xu, Yi"]
[Result "1/2-1/2"]
[WhiteTitle "GM"]
[BlackTitle "FM"]
[WhiteElo "2613"]
[BlackElo "2386"]
[WhiteTeam "Hangzhou"]
[BlackTeam "Shanghai"]
[WhiteFideId "8603154"]
[BlackFideId "8605564"]
[EventDate "2016.04.12"]

1. e4 e5 2. Nf3 Nc6 3. Bb5 a6 4. Ba4 Nf6 5. O-O Be7 6. Re1 b5 7. Bb3 d6 8. c3
O-O 9. h3 Re8 10. d4 Bb7 11. Nbd2 Bf8 12. Ng5 Re7 13. d5 Nb8 14. Nf1 Nbd7 15.
Ng3 h6 16. Nf3 Re8 17. Nh2 Nc5 18. Bc2 c6 19. dxc6 Bxc6 20. Ng4 Nxg4 21. Qxg4 g6
22. b4 Ne6 23. Bb3 Bg7 24. Be3 Qf6 25. Rad1 h5 26. Qf3 Qxf3 27. gxf3 Bf8 28. c4
Rac8 29. Ne2 Kg7 30. Rc1 f5 31. cxb5 axb5 32. Bd5 Bd7 33. Kg2 f4 34. Ba7 Be7 35.
Bb7 Rxc1 36. Rxc1 Kh6 37. Bc6 Bxc6 38. Rxc6 Ra8 39. Ra6 Rc8 40. Ra3 Rc2 41. Nc3
Nd4 42. Bxd4 exd4 43. Nxb5 Rd2 44. Kf1 Bh4 45. Ke1 Rxf2 46. Kd1 Rf1+ 47. Ke2
Rf2+ 48. Kd1 Rf1+ 49. Ke2 Rf2+ 50. Kd1 1/2-1/2

[Event "TCh-CHN 2016"]
[Site "China CHN"]
[Date "2016.06.24"]
[Round "6.5"]
[Board "3"]
[White "Bai, Jinshi"]
[Black "Ni, Hua"]
[Result "1-0"]
[WhiteTitle "GM"]
[BlackTitle "GM"]
[WhiteElo "2564"]
[BlackElo "2681"]
[WhiteTeam "Hangzhou"]
[BlackTeam "Shanghai"]
[WhiteFideId "8602280"]
[BlackFideId "8601160"]
[EventDate "2016.04.12"]

1. d4 Nf6 2. c4 b6 3. g3 Bb7 4. Nf3 g6 5. Bg2 Bg7 6. O-O O-O 7. d5 e6 8. Nc3
exd5 9. cxd5 Re8 10. Re1 Ne4 11. Nxe4 Rxe4 12. Bg5 Qf8 13. d6 c6 14. Be7 Rxe7
15. dxe7 Qxe7 16. Qd2 a5 17. e4 Na6 18. Rad1 Nc5 19. e5 Re8 20. h4 Bc8 21. Ng5
h6 22. Ne4 Nxe4 23. Rxe4 Qe6 24. b3 Qf5 25. Rf4 Qe6 26. Re4 Qf5 27. Rde1 Bf8 28.
R1e2 Ba6 29. g4 Qe6 30. R2e3 Bc5 31. Rg3 Kg7 32. Qf4 Be7 33. Rh3 Rh8 34. h5 g5
35. Qd2 Rd8 36. Qb2 Kg8 37. Rhe3 Bf8 38. Bf1 b5 39. Qc3 Bb4 40. Qc2 Bb7 41. a4
Qd5 42. e6 Bd6 43. Bg2 c5 44. exd7 Bf8 45. Rd3 Qc6 46. axb5 Qxb5 47. Rc4 Ba6 48.
Qd2 a4 49. Rcc3 Qb4 50. bxa4 Bxd3 51. Rxd3 Qxg4 52. a5 c4 53. Rd4 Qf5 54. a6 Qc5
55. Qc3 Bg7 56. Rxc4 Qb6 57. Qa3 Bd4 58. Rc8 Bxf2+ 59. Kf1 Bd4 60. Rxd8+ Qxd8
61. Qd6 Ba7 62. Bd5 Kg7 63. Qe5+ Kf8 64. Bc6 Qb6 65. Qh8+ Ke7 66. Qe8+ 1-0

[Event "TCh-CHN 2016"]
[Site "China CHN"]
[Date "2016.06.24"]
[Round "6.5"]
[Board "4"]
[White "Zhang, Xiaowen"]
[Black "Dzagnidze, Nana"]
[Result "0-1"]
[WhiteTitle "WGM"]
[BlackTitle "GM"]
[WhiteElo "2374"]
[BlackElo "2535"]
[WhiteTeam "Shanghai"]
[BlackTeam "Hangzhou"]
[WhiteFideId "8603219"]
[BlackFideId "13601903"]
[EventDate "2016.04.12"]

1. e4 e5 2. Nf3 Nc6 3. Bb5 a6 4. Ba4 Nf6 5. O-O Be7 6. Re1 b5 7. Bb3 d6 8. c3
O-O 9. h3 Bb7 10. d4 Re8 11. Ng5 Rf8 12. Nf3 h6 13. Nbd2 Re8 14. Nf1 Bf8 15. Ng3
Na5 16. Bc2 Nc4 17. b3 Nb6 18. Bb2 c6 19. Bd3 Rb8 20. Qc2 Qc7 21. Rad1 Rbc8 22.
c4 bxc4 23. bxc4 exd4 24. Bxd4 Nbd7 25. Rb1 c5 26. Bc3 Bc6 27. Qd2 g6 28. Bc2
Re6 29. Nh2 Rce8 30. f3 h5 31. Ne2 Qa7 32. Nf1 Ne5 33. Bb3 Bg7 34. Qd1 Bh6 35.
Bd2 Bg7 36. Bc3 Qa8 37. Nf4 R6e7 38. Ne3 Bh6 39. Nfd5 Bxd5 40. Nxd5 Nxd5 41.
exd5 Qd8 42. Ba4 Nd7 43. Qc2 Bg7 44. Rxe7 Rxe7 45. Bxg7 Kxg7 46. Qc3+ Nf6 47.
Re1 h4 48. Rxe7 Qxe7 49. Kf2 Kf8 50. Qe3 Nh5 51. Qxe7+ Kxe7 52. Ke3 g5 53. Bc6
f5 54. a4 a5 55. Bb7 Kf6 56. Bc8 Nf4 57. Kf2 Nd3+ 58. Ke3 Nb2 59. Ba6 Nxa4 0-1

[Event "TCh-CHN 2016"]
[Site "China CHN"]
[Date "2016.06.24"]
[Round "6.5"]
[Board "5"]
[White "Ju, Wenjun"]
[Black "Zhao, Shengxin"]
[Result "1-0"]
[WhiteTitle "GM"]
[BlackTitle "WFM"]
[WhiteElo "2568"]
[BlackElo "1949"]
[WhiteTeam "Shanghai"]
[BlackTeam "Hangzhou"]
[WhiteFideId "8603006"]
[BlackFideId "8608040"]
[EventDate "2016.04.12"]

1. Nf3 Nf6 2. g3 g6 3. c4 c6 4. b3 Bg7 5. Bb2 d5 6. Bg2 O-O 7. d3 a5 8. O-O Bg4
9. Nbd2 Nbd7 10. Qc2 e5 11. h3 Bxf3 12. Nxf3 d4 13. Rae1 c5 14. e3 Qb6 15. Re2
Rfe8 16. Rfe1 Rad8 17. Bc1 h6 18. exd4 exd4 19. Ne5 Nxe5 20. Rxe5 Rxe5 21. Rxe5
Re8 22. Rxe8+ Nxe8 23. Qe2 Kf8 24. Qe4 Qb4 25. Kh2 b6 26. Bf4 g5 27. Bb8 Bf6 28.
Qc6 Qd2 29. Ba7 Qxd3 30. Bxb6 Qe2 31. Bxc5+ Kg7 32. Qd7 Qe5 33. Bd5 Qc7 34. Qxe8 1-0

[Event "TCh-CHN 2016"]
[Site "China CHN"]
[Date "2016.06.24"]
[Round "6.6"]
[Board "1"]
[White "Yu, Kaifeng"]
[Black "Liu, Yan"]
[Result "1/2-1/2"]
[WhiteTitle "FM"]
[BlackTitle "FM"]
[WhiteElo "2220"]
[BlackElo "2413"]
[WhiteTeam "Shenzhen"]
[BlackTeam "Chongqing"]
[WhiteFideId "8609667"]
[BlackFideId "8608962"]
[EventDate "2016.04.12"]

1. d4 Nf6 2. c4 e6 3. Nf3 Bb4+ 4. Bd2 c5 5. Bxb4 cxb4 6. a3 bxa3 7. Nxa3 d6 8.
g3 O-O 9. Bg2 Qb6 10. O-O Bd7 11. Qd3 Bc6 12. b4 Qxb4 13. Rfb1 Qa5 14. Nb5 Qd8
15. Qa3 d5 16. cxd5 Bxd5 17. Nxa7 Be4 18. Rc1 Na6 19. Nb5 Nc7 20. Qb2 Rxa1 21.
Rxa1 Nxb5 22. Qxb5 Bxf3 23. Bxf3 Qxd4 24. Ra4 Qd1+ 25. Kg2 b6 26. Ra6 Rb8 27.
Rxb6 Rxb6 28. Qxb6 Qd7 29. Qb8+ Qe8 30. Qxe8+ Nxe8 1/2-1/2